| 000 | 00545nam a2200133Ia 4500 | ||
|---|---|---|---|
| 008 | 220216s9999 xx 000 0 und d | ||
| 100 | _aGeorge K.T | ||
| 245 | 0 | _aKerala's natural rubber sector in the era of globalisation: Towards a conceptual framework for understanding the outcomes and issues | |
| 260 | _bSeminar on Challenges and Opportunities in the Plantation Sector, 28 February 2014, Plantation Corporation of Kerala, Kottayam, India. | ||
| 650 | _aGlobalisation | ||
| 650 | _aKerala | ||
| 650 | _aNatural rubber sector | ||
| 942 | _cBS | ||
| 999 |
_c49873 _d49873 |
||